000 00372nam a2200133Ia 4500
005 20260328104329.0
008 260328s9999||||xx |||||||||||||| ||und||
100 _aHughes, Philip
245 0 _aDiseño de Exposiciones :
_b de los Aspectos Técnicos al Concepto de Diseño /
_cPhilip Hughes
260 _bPromopress
300 _a232 p.
650 _aDISEÑO
942 _cBK
999 _c11647
_d11647